| 000 | 00626nam a2200229Ia 4500 | ||
|---|---|---|---|
| 003 | OSt | ||
| 005 | 20221007074803.0 | ||
| 006 | a|||||r|||| 00| 0 | ||
| 007 | ta | ||
| 008 | 221006b |||||||| |||| 00| 0 eng d | ||
| 024 | _a15,731 | ||
| 037 | _cTextual | ||
| 040 |
_aFLL _cFLL _beng |
||
| 041 |
_2eng _aeng |
||
| 082 | _aX72:322.44974, L8 | ||
| 100 |
_aRegmi M.C. Au. _9693132 |
||
| 245 | 0 | _aLand tenure and taxation in nepal | |
| 260 |
_aNepal _bRatna pustak bhandar India _c1978 |
||
| 300 |
_a895p _ccm. |
||
| 942 |
_hX72:322.44974, L8 _cTEXL _2CC |
||
| 999 |
_c1153663 _d1153663 |
||